00557cam a22002291 4500001001300000003000400013005001700017008004100034010001700075035002000092040001800112042001200130043001200142050001800154100002600172245004700198260001100245300001800256500001500274651002100289999001700310ne 67000612 DLC20260227111830.0890108s1966 xx 000 0 ara  ane 67000612  a(OCoLC)23523681 aDLCcMiUdDLC apremarc af-ua---00aHF3886.5b.G51 aGhubriyāl, Wahbī.10aTaṭawwur al-tijārah al-khārijīyah. c[1966] a82 p.c20 cm. aRomanized. 0aEgyptxCommerce. c49491d49491